00428nam a22001337a 4500003000500000038001800005082000800023100001300031245010000044264003500144650002500179700003200204856005800236NUST aNusrat Nadeem a200 aMaasooma aFortifying the Future: Holistic Security Solutions for Emerging Network Technologies/cMaasooma aIslamabad:bSEECS NUST.c2025. aMS-Computer Science  aSupervisor: Dr. Qaiser Riaz u http://10.250.8.41:8080/xmlui/handle/123456789/57059